000 00388cam a2200157ua 4500
003 OSt
008 250328b |||||||| |||| 00| 0 eng d
041 _aeng
082 _a621.901
_bATH/WO
100 _aAtherton, William H .
_97348
245 _aWork shop practice vol-3 /
250 _a3 /
260 _a :
_bNew Era publishing co. Ltd ,
_c1959.
300 _a325 ; .
942 _cBK
999 _c10167
_d10167